[Event "2.Bl-West"]
[Site "Dornbirn"]
[Date "2004.01.17"]
[Round "7"]
[Board "1"]
[White "Dobos, Joszef"]
[Black "Wegerle, Joerg"]
[Result "1/2-1/2"]
[WhiteElo "2309"]
[BlackElo "2382"]
[PlyCount "91"]

1.d4 e6 2.c4 d5 3.Nc3 Nf6 4.cxd5 exd5 5.Bg5 c6 6.e3 Bf5 7.Qf3 Bg6 8.Bxf6 Qxf6
9.Qxf6 gxf6 10.Rd1 Nd7 11.Bd3 b5 12.h4 Nb6 13.h5 Bxd3 14.Rxd3 Nc4 15.Nd1 Bb4+
16.Ke2 Rg8 17.g3 a5 18.b3 Nd6 19.Nc3 Kd7 20.Kf3 a4 21.Nge2 axb3 22.axb3 Ra3
23.Rb1 f5 24.Kg2 Ne8 25.Rdd1 Nf6 26.Rh1 Rga8 27.Kf3 Ke6 28.Kg2 Kd6 29.Kf3 Bxc3
30.Nxc3 b4 31.Nd1 Ne4 32.Kf4 Ke6 33.f3 Nd2 34.Rb2 Nxb3 35.Nf2 c5 36.dxc5 Nxc5
37.Rxb4 Kf6 38.g4 Ne6+ 39.Kg3 Rxe3 40.gxf5 Kxf5 41.Ng4 Raa3 42.Nxe3+ Rxe3 43.Rd1
d4 44.Rdxd4 Nxd4 45.Rxd4 h6 46.Rf4+

[Event "2.Bl-West"]
[Site "Dornbirn"]
[Date "2004.01.17"]
[Round "7"]
[Board "2"]
[White "Duer, Werner"]
[Black "Schmidt, Georg"]
[Result "1-0"]
[WhiteElo "2271"]
[BlackElo "2376"]
[PlyCount "67"]

1.Nf3 Nf6 2.d4 e6 3.e3 c5 4.Bd3 b6 5.O-O Bb7 6.c4 Be7 7.Nc3 d5 8.cxd5 exd5 9.b3
O-O 10.Bb2 Nc6 11.Ne2 Ne4 12.a3 Bf6 13.Ne5 Re8 14.Ng4 Bg5 15.f4 Be7 16.Rf3 Bf8
17.dxc5 bxc5 18.Bxe4 dxe4 19.Nh6+ Kh8 20.Nxf7+ Kg8 21.Nxd8 Raxd8 22.Rf1 Rxd1
23.Raxd1 Bc8 24.Nc1 g6 25.h3 h5 26.Bc3 Be6 27.Rf2 Ne7 28.Rfd2 Nf5 29.Kf2 h4
30.Rd8 Re7 31.Rb8 Rf7 32.Rdd8 g5 33.Ne2 Ne7 34.Rd6

[Event "2.Bl-West"]
[Site "Dornbirn"]
[Date "2004.01.17"]
[Round "7"]
[Board "3"]
[White "Sprotte, Norbert"]
[Black "Lawitsch, Guenther"]
[Result "1/2-1/2"]
[WhiteElo "2235"]
[BlackElo "2270"]
[PlyCount "21"]

1.d4 d5 2.Nf3 Nf6 3.c4 c6 4.e3 e6 5.Nbd2 c5 6.Be2 Nc6 7.O-O cxd4 8.exd4 Be7 9.b3
dxc4 10.Nxc4 O-O 11.a3

[Event "2.Bl-West"]
[Site "Dornbirn"]
[Date "2004.01.17"]
[Round "7"]
[Board "4"]
[White "Jannasch, Franz"]
[Black "Enigl, Karl"]
[Result "1/2-1/2"]
[WhiteElo "2170"]
[BlackElo "2150"]
[PlyCount "135"]

1.d4 Nf6 2.Nf3 e6 3.c4 b6 4.Nc3 Bb4 5.Qb3 c5 6.e3 Bb7 7.Bd2 O-O 8.Rd1 d6 9.a3
Bxc3 10.Bxc3 Nbd7 11.Bd3 Qe7 12.Qc2 Bxf3 13.gxf3 cxd4 14.exd4 e5 15.d5 Nc5
16.Bf5 g6 17.Rg1 Nh5 18.b4 Nd7 19.Kd2 Ng7 20.Bd3 b5 21.cxb5 Nb6 22.Qb3 Qh4
23.Kc1 Rfc8 24.Kb1 Qxf2 25.Rgf1 Qe3 26.Bb2 Rc7 27.Bc1 Qd4 28.Bxg6 Rxc1+ 29.Rxc1
hxg6 30.Rfd1 Qf4 31.a4 Nf5 32.a5 Nd4 33.Qa2 Nd7 34.Qc4 Qxf3 35.Rd3 Qf5 36.Ka2
Nf6 37.Rcc3 Qd7 38.Rxd4 exd4 39.Qxd4 Kg7 40.Ka3 Re8 41.Rf3 Re5 42.b6 axb6
43.Qxb6 Nxd5 44.Qd4 Nc7 45.Qc4 Nb5+ 46.Kb3 Qb7 47.Rd3 Qh1 48.Qc2 Qe4 49.Qc4 Qe1
50.Ka2 Re4 51.Qxb5 Rxb4 52.Qxb4 Qxb4 53.Ra3 Qd2+ 54.Kb3 Qxh2 55.a6 Qh8 56.a7 Qa8
57.Kb4 Kf8 58.Kb5 Ke7 59.Kb6 f5 60.Rc3 f4 61.Rc7+ Ke6 62.Rb7 Ke5 63.Rb8 Qxa7+
64.Kxa7 f3 65.Rg8 Ke4 66.Rxg6 f2 67.Rf6 Ke3 68.Re6+

[Event "2.Bl-West"]
[Site "Dornbirn"]
[Date "2004.01.17"]
[Round "7"]
[Board "5"]
[White "Hamberger, Hermann"]
[Black "Thoeny, Hermann"]
[Result "1/2-1/2"]
[WhiteElo "2157"]
[BlackElo "2158"]
[PlyCount "29"]

1.e4 e6 2.b3 d5 3.Bb2 dxe4 4.Nc3 Nf6 5.g4 Be7 6.Bg2 e5 7.h3 Nc6 8.Nxe4 Nxe4
9.Bxe4 Nd4 10.Nf3 Qd6 11.Nxd4 exd4 12.Qf3 c6 13.O-O-O Be6 14.Rde1 g6 15.Kb1

[Event "2.Bl-West"]
[Site "Dornbirn"]
[Date "2004.01.17"]
[Round "7"]
[Board "6"]
[White "Baerner, Helmut"]
[Black "Mroz, Thomas"]
[Result "1/2-1/2"]
[WhiteElo "2126"]
[BlackElo "2096"]
[PlyCount "33"]

1.d4 d5 2.c3 Nf6 3.Bf4 e6 4.Nf3 Bd6 5.e3 O-O 6.Bd3 b6 7.Bxd6 Qxd6 8.Nbd2 Ba6
9.Bxa6 Nxa6 10.Qe2 Nb8 11.e4 dxe4 12.Nxe4 Nxe4 13.Qxe4 Nd7 14.O-O Qd5 15.Rfe1
Qxe4 16.Rxe4 Rfd8 17.Re2

[Event "2.Bl-West"]
[Site "Dornbirn"]
[Date "2004.01.18"]
[Round "8"]
[Board "1"]
[White "Poettinger, Harald"]
[Black "Wegerle, Joerg"]
[Result "1/2-1/2"]
[WhiteElo "2238"]
[BlackElo "2382"]
[PlyCount "70"]

1.d4 d5 2.Nf3 c6 3.c4 e6 4.Nc3 Nf6 5.e3 Nbd7 6.Bd3 dxc4 7.Bxc4 b5 8.Be2 a6 9.O-O
Bb7 10.e4 c5 11.e5 Nd5 12.a4 Nxc3 13.bxc3 c4 14.Ng5 Nb6 15.Bh5 g6 16.Bf3 Bd5
17.Ne4 Be7 18.axb5 axb5 19.Bh6 Rg8 20.Qc2 Kd7 21.Rxa8 Nxa8 22.Ra1 Nc7 23.Bc1 Qb8
24.Ra2 Qb7 25.Ba3 Ra8 26.Bxe7 Rxa2 27.Nf6+ Kxe7 28.Qxa2 Bxf3 29.gxf3 Nd5 30.Qa5
h5 31.Ne4 Qb6 32.Qa8 Qd8 33.Qc6 Qb6 34.Qa8 Qd8 35.Qc6 Qb6

[Event "2.Bl-West"]
[Site "Dornbirn"]
[Date "2004.01.18"]
[Round "8"]
[Board "2"]
[White "Duer, Werner"]
[Black "Hugentobler, Patrick"]
[Result "1/2-1/2"]
[WhiteElo "2271"]
[BlackElo "2262"]
[PlyCount "81"]

1.Nf3 Nf6 2.d4 g6 3.c3 Bg7 4.Bg5 O-O 5.Nbd2 d5 6.e3 c6 7.Be2 Bg4 8.O-O Nbd7 9.h3
Bxf3 10.Bxf3 Re8 11.Re1 Qb6 12.Qc2 e5 13.dxe5 Nxe5 14.Be2 Qc5 15.Bf1 b5 16.e4
Nxe4 17.Nxe4 dxe4 18.Qxe4 Re6 19.Qh4 Rae8 20.Be3 Qe7 21.Qxe7 R8xe7 22.Red1 a6
23.Rd8+ Re8 24.Rad1 Bf6 25.Rxe8+ Rxe8 26.Bh6 Rd8 27.Rxd8+ Bxd8 28.Be2 f6 29.Bc1
Kf7 30.g3 Ke6 31.Kg2 f5 32.f4 Nf7 33.Kf3 Nd6 34.Bd3 Kd5 35.g4 Bf6 36.g5 Bg7
37.h4 c5 38.Ke3 Nc4+ 39.Kf3 Nd6 40.Ke3 Nc4+ 41.Kf3

[Event "2.Bl-West"]
[Site "Dornbirn"]
[Date "2004.01.18"]
[Round "8"]
[Board "3"]
[White "Bezler, Rainer"]
[Black "Lawitsch, Guenther"]
[Result "1/2-1/2"]
[WhiteElo "2228"]
[BlackElo "2270"]
[PlyCount "50"]

1.d4 d5 2.c4 c6 3.e3 Nf6 4.Nc3 e6 5.Nf3 Nbd7 6.Bd3 Bd6 7.O-O O-O 8.e4 dxc4
9.Bxc4 e5 10.h3 Qe7 11.Re1 exd4 12.Nxd4 Ne5 13.Bf1 Rd8 14.Qc2 Bc7 15.Be3 Ng6
16.Rad1 Re8 17.g3 Qe5 18.f4 Qa5 19.e5 Nd7 20.Nb3 Qb4 21.Nd5 cxd5 22.Qxc7 Qa4
23.Nd4 a6 24.a3 Ndf8 25.Bg2 Ne7

[Event "2.Bl-West"]
[Site "Dornbirn"]
[Date "2004.01.18"]
[Round "8"]
[Board "4"]
[White "Jannasch, Franz"]
[Black "Gattenloehner, Sebastian"]
[Result "1-0"]
[WhiteElo "2170"]
[BlackElo "2218"]
[PlyCount "55"]

1.d4 d5 2.Nf3 Nf6 3.c4 c6 4.Nc3 e6 5.cxd5 exd5 6.Bf4 Be7 7.e3 Nbd7 8.Bd3 O-O
9.h3 Re8 10.O-O Nf8 11.Rc1 Ne6 12.Bh2 g6 13.Ne5 Ng7 14.Qb3 Qb6 15.Qc2 Bf5 16.Na4
Qd8 17.Nc5 Qb6 18.b4 Bd6 19.a4 Bxd3 20.Qxd3 Qc7 21.b5 Ne4 22.Nxe4 dxe4 23.Qb3 c5
24.Ng4 Bxh2+ 25.Nxh2 Ne6 26.Ng4 Qe7 27.d5 Nf8 28.Qc3

[Event "2.Bl-West"]
[Site "Dornbirn"]
[Date "2004.01.18"]
[Round "8"]
[Board "5"]
[White "Mira, Helene"]
[Black "Thoeny, Hermann"]
[Result "1/2-1/2"]
[WhiteElo "2096"]
[BlackElo "2158"]
[PlyCount "40"]

1.Nf3 Nf6 2.c4 g6 3.Nc3 d5 4.cxd5 Nxd5 5.Qa4+ Nc6 6.Nxd5 Qxd5 7.e4 Qd6 8.d4 Qb4+
9.Qxb4 Nxb4 10.Kd2 Bg7 11.a3 Nc6 12.d5 Nd4 13.Nxd4 Bxd4 14.Bb5+ Bd7 15.Bxd7+
Kxd7 16.Kd3 Bxf2 17.Rf1 Bb6 18.Rxf7 Raf8 19.Rxf8 Rxf8 20.Be3 Bxe3

[Event "2.Bl-West"]
[Site "Dornbirn"]
[Date "2004.01.18"]
[Round "8"]
[Board "6"]
[White "Reiter, Franz"]
[Black "Heilinger, Dietmar"]
[Result "1/2-1/2"]
[WhiteElo "2077"]
[BlackElo "2179"]
[PlyCount "21"]

1.e4 e6 2.d4 d5 3.e5 c5 4.c3 Qb6 5.Nf3 Bd7 6.a3 Bb5 7.c4 Bxc4 8.Bxc4 dxc4 9.d5
Qb3 10.Qxb3 cxb3 11.dxe6

[Event "2.Bl-West"]
[Site "Dornbirn"]
[Date "2004.01.18"]
[Round "8"]
[Board "1"]
[White "Krivoshey, Sergei"]
[Black "Dobos, Joszef"]
[Result "1/2-1/2"]
[WhiteElo "2501"]
[BlackElo "2309"]
[PlyCount "71"]

1.Nf3 g6 2.d4 Bg7 3.e4 c6 4.c4 d5 5.e5 Bg4 6.cxd5 cxd5 7.Nc3 Nc6 8.Bb5 Nh6 9.h3
Bxf3 10.Qxf3 O-O 11.Bxc6 bxc6 12.Qd3 f6 13.exf6 exf6 14.Bxh6 Bxh6 15.O-O Qd6
16.Rfe1 Rae8 17.Re2 Re7 18.Rae1 Rfe8 19.Na4 Qb4 20.Rxe7 Rxe7 21.Rxe7 Qxe7 22.Kf1
Qb4 23.b3 Bf8 24.Nc3 Bd6 25.g3 Qa5 26.a4 Kf7 27.Ne2 Qb6 28.h4 h5 29.Qe3 Qb8
30.Qd3 Qc8 31.Kg2 Qb7 32.f3 Qc8 33.Qd2 Qe6 34.Qd3 Qc8 35.Qd2 Qe6 36.Qd3

[Event "2.Bl-West"]
[Site "Dornbirn"]
[Date "2004.01.18"]
[Round "8"]
[Board "2"]
[White "Sprotte, Norbert"]
[Black "Umansky, Mikhail"]
[Result "0-1"]
[WhiteElo "2235"]
[BlackElo "2452"]
[PlyCount "104"]

1.d4 Nf6 2.Nf3 c5 3.e3 g6 4.c3 Bg7 5.Nbd2 O-O 6.Be2 b6 7.O-O Bb7 8.a4 Nc6 9.Nc4
Qc7 10.Re1 d5 11.Nce5 Ne4 12.Nxc6 Bxc6 13.Nd2 f5 14.f4 g5 15.Nf3 Rad8 16.Nxg5
Nxg5 17.fxg5 e5 18.Rf1 Rd6 19.b4 Qe7 20.bxc5 bxc5 21.Ba3 Qxg5 22.Rf3 Rg6 23.Bf1
e4 24.Rh3 f4 25.Bxc5 f3 26.Qd2 Bd7 27.Rg3 f2+ 28.Qxf2 Rxf2 29.Rxg5 Rxf1+ 30.Kxf1
Rxg5 31.Bxa7 Rg6 32.Bb8 Ra6 33.a5 Bf6 34.Bc7 Bb5+ 35.Kf2 Bd3 36.Bb6 Kf7 37.Ra2
Ke6 38.Rb2 Bh4+ 39.g3 Be7 40.g4 Bh4+ 41.Kg2 Bg5 42.Kf2 Ra8 43.Bc7 Rf8+ 44.Kg2
Bxe3 45.Bg3 Ra8 46.Rb6+ Kf7 47.Rb7+ Kg8 48.Be5 Bh6 49.g5 Bf8 50.Bc7 e3 51.Kf3 e2
52.Kf2 Be7

[Event "2.Bl-West"]
[Site "Dornbirn"]
[Date "2004.01.18"]
[Round "8"]
[Board "3"]
[White "Klundt, Klaus"]
[Black "Peterwagner, Heinz"]
[Result "1-0"]
[WhiteElo "2365"]
[BlackElo "2222"]
[PlyCount "127"]

1.e4 c5 2.Nf3 Nc6 3.d4 cxd4 4.Nxd4 Nf6 5.Nc3 e5 6.Ndb5 d6 7.Bg5 a6 8.Na3 b5
9.Bxf6 gxf6 10.Nd5 Be7 11.c3 f5 12.exf5 Bxf5 13.Nc2 O-O 14.Nce3 Be6 15.g3 Bg5
16.Bg2 f5 17.h4 Bxe3 18.Nxe3 Qd7 19.Nd5 Rab8 20.Qd2 Qf7 21.O-O Na5 22.Rad1 Nc4
23.Qe2 Nb6 24.Nxb6 Rxb6 25.Qe3 Qc7 26.Qg5+ Qg7 27.Qe3 Qc7 28.Bd5 Bxd5 29.Rxd5 f4
30.Qd2 fxg3 31.fxg3 Rxf1+ 32.Kxf1 Qc4+ 33.Kg2 Qe4+ 34.Kh2 Qg6 35.Rd3 Qf6 36.Qg2
Rb8 37.Qd5+ Kg7 38.Qxd6 Qf2+ 39.Kh3 Qf1+ 40.Kg4 Qe2+ 41.Rf3 Qe4+ 42.Kg5 Qxf3
43.Qc7+ Kg8 44.Qxb8+ Kf7 45.Qxe5 Qg2 46.Qf6+ Ke8 47.Qh8+ Kd7 48.Qxh7+ Kc6
49.Qg6+ Kb7 50.Qf7+ Kc6 51.Qe6+ Kb7 52.Qd7+ Kb6 53.Qd6+ Kb7 54.b3 Qxa2 55.Qd5+
Kb6 56.h5 a5 57.h6 Qh2 58.Qd6+ Kb7 59.Qd3 Kc6 60.h7 a4 61.bxa4 bxa4 62.Qc4+ Kb7
63.Qb5+ Kc7 64.Qe5+

[Event "2.Bl-West"]
[Site "Dornbirn"]
[Date "2004.01.18"]
[Round "8"]
[Board "4"]
[White "Enigl, Karl"]
[Black "Hager, Franz"]
[Result "1/2-1/2"]
[WhiteElo "2150"]
[BlackElo "2237"]
[PlyCount "52"]

1.c4 f5 2.b3 Nf6 3.Bb2 e6 4.Nf3 b6 5.g3 Bb7 6.Bg2 Be7 7.O-O O-O 8.d3 d6 9.Nc3 h6
10.e4 fxe4 11.Nd4 Bc8 12.dxe4 e5 13.Nf5 Rf7 14.f4 Bb7 15.Nd5 Nxd5 16.cxd5 Bf6
17.fxe5 dxe5 18.Rc1 Nd7 19.Bf3 Kh7 20.Rc2 g6 21.Ne3 Bg7 22.Bg2 Rxf1+ 23.Qxf1 Qg5
24.Bc1 Rf8 25.Qe1 Nc5 26.Qd1 Qe7

[Event "2.Bl-West"]
[Site "Dornbirn"]
[Date "2004.01.18"]
[Round "8"]
[Board "6"]
[White "Mroz, Thomas"]
[Black "Huber, Wolfgang"]
[Result "1-0"]
[WhiteElo "2096"]
[BlackElo "2086"]
[PlyCount "87"]

1.d4 Nf6 2.c4 e6 3.g3 d5 4.Nf3 c6 5.Bg2 g6 6.O-O Bg7 7.Nbd2 O-O 8.Qc2 Nbd7 9.e4
dxe4 10.Nxe4 Nxe4 11.Qxe4 c5 12.Be3 Qc7 13.Rac1 cxd4 14.Nxd4 a6 15.Qc2 e5 16.Ne2
Nf6 17.Qb3 Re8 18.Nc3 e4 19.Bf4 Qa5 20.Nd5 Nxd5 21.cxd5 Bd7 22.Rc7 Ba4 23.Qa3
Bf8 24.b4 Bxb4 25.Qb2 Bf8 26.d6 Bc6 27.Qf6 Qd5 28.Re1 Bg7 29.Qg5 Qxg5 30.Bxg5 f6
31.Bd2 Rad8 32.Bb4 Bf8 33.Rd1 Rd7 34.Rxd7 Bxd7 35.Bf1 Rc8 36.Rd4 Rc1 37.Kg2 b5
38.a3 f5 39.Be2 Kf7 40.Bd1 Ke6 41.Bb3+ Kf6 42.h4 h6 43.Rd1 Rxd1 44.Bc3+

[Event "2.Bl-West"]
[Site "Dornbirn"]
[Date "2004.01.18"]
[Round "8"]
[Board "1"]
[White "Dobosz, Henryk"]
[Black "Lanka, Zigurds"]
[Result "1/2-1/2"]
[WhiteElo "2457"]
[BlackElo "2467"]
[PlyCount "32"]

1.c4 Nf6 2.Nc3 c5 3.g3 g6 4.Bg2 Bg7 5.e4 Nc6 6.Nge2 O-O 7.d3 d6 8.O-O Ne8 9.Be3
Nd4 10.Qd2 Nc7 11.Bh6 e5 12.Bxg7 Kxg7 13.f4 f6 14.Nd1 Rb8 15.Ne3 b5 16.Nc3 b4

[Event "2.Bl-West"]
[Site "Dornbirn"]
[Date "2004.01.18"]
[Round "8"]
[Board "2"]
[White "Maiwald, Jens-Uwe"]
[Black "Riemelmoser, Franz"]
[Result "1-0"]
[WhiteElo "2543"]
[BlackElo "2287"]
[PlyCount "25"]

1.g3 d5 2.Bg2 Nf6 3.d3 Nc6 4.Nf3 Bg4 5.Nbd2 Qd7 6.h3 Bf5 7.c4 d4 8.a3 a5 9.g4
Bg6 10.Qa4 Ra6 11.Nh4 e6 12.f4 Bb4 13.axb4

[Event "2.Bl-West"]
[Site "Dornbirn"]
[Date "2004.01.18"]
[Round "8"]
[Board "3"]
[White "Schmidlechner, Alexander"]
[Black "Gross, David"]
[Result "0-1"]
[WhiteElo "2208"]
[BlackElo "2458"]
[PlyCount "96"]

1.d4 Nf6 2.c4 e6 3.Nf3 b6 4.g3 Ba6 5.b3 Bb7 6.Bg2 Bb4+ 7.Bd2 a5 8.a3 Bxd2+
9.Nbxd2 O-O 10.O-O c5 11.Nb1 d5 12.Ne5 Qe7 13.Nc3 Rd8 14.e3 Na6 15.Qd2 Rac8
16.Rfd1 h6 17.Qb2 cxd4 18.exd4 dxc4 19.bxc4 Bxg2 20.Kxg2 Qb7+ 21.f3 Nd7 22.Ne4
Qc7 23.Nxd7 Rxd7 24.Rab1 Rcd8 25.Qxb6 Qxc4 26.Qxa5 Nc7 27.Rd2 Rxd4 28.Rbd1 Rxd2+
29.Rxd2 Rxd2+ 30.Qxd2 Nd5 31.Kg1 Qb3 32.Qe2 Qxa3 33.h4 Ne3 34.Kf2 Nf5 35.Kg2 Qb3
36.Qd2 Qc4 37.Qd8+ Kh7 38.Qd2 Nd4 39.Nf2 Kg8 40.Qb2 Nc6 41.Qb7 Qd5 42.Qc8+ Kh7
43.Qb7 f5 44.g4 Qd6 45.Qb1 Qf4 46.Qd3 Ne5 47.Qe2 Ng6 48.Kh3 Nxh4

[Event "2.Bl-West"]
[Site "Dornbirn"]
[Date "2004.01.18"]
[Round "8"]
[Board "4"]
[White "Tabernig, Bernhard"]
[Black "Eisenbeiser, Amadeus"]
[Result "0-1"]
[WhiteElo "2368"]
[BlackElo "2223"]
[PlyCount "93"]

1.d4 d6 2.Nf3 Nf6 3.c4 g6 4.Nc3 Bg7 5.e4 c5 6.d5 O-O 7.h3 e6 8.Bd3 exd5 9.cxd5
Re8 10.O-O Na6 11.Re1 Nc7 12.a4 b6 13.Bf4 a6 14.Bh2 Bf8 15.Bc4 Bb7 16.Qd3 Nd7
17.Rad1 f6 18.e5 fxe5 19.Bxe5 b5 20.axb5 axb5 21.Nxb5 Nxb5 22.Bxb5 Nxe5 23.Nxe5
Rxe5 24.Rxe5 dxe5 25.d6 Kg7 26.Qb3 Rb8 27.Bc4 Bxd6 28.Bf1 Qe7 29.Qa4 e4 30.Re1
Bd5 31.Bd3 Rb4 32.Qa6 Qe5 33.g3 Bb7 34.Qa7 Bb8 35.Qa5 Bc7 36.Qa7 Qd5 37.Ba6 Rxb2
38.Bxb7 Rxb7 39.Qa4 Rb4 40.Qe8 Qf7 41.Qc6 Qe7 42.Kg2 Rd4 43.Rb1 Qd6 44.Qe8 Qe5
45.Qc8 Rd8 46.Qg4 e3 47.Re1

[Event "2.Bl-West"]
[Site "Dornbirn"]
[Date "2004.01.18"]
[Round "8"]
[Board "5"]
[White "Kranz, Armin"]
[Black "Kroell, Johannes"]
[Result "1/2-1/2"]
[WhiteElo "2146"]
[BlackElo "2192"]
[PlyCount "148"]

1.d4 b5 2.e4 Bb7 3.Bd3 e6 4.Qe2 a6 5.Nf3 c5 6.c3 Qc7 7.O-O Nc6 8.a3 Nf6 9.Nbd2
d6 10.Re1 Be7 11.b4 c4 12.Bb1 a5 13.Bb2 axb4 14.axb4 Rxa1 15.Bxa1 O-O 16.Nf1 Ra8
17.Bb2 Nd7 18.h4 Qd8 19.h5 Nb6 20.Qc2 e5 21.d5 Nb8 22.Ne3 Bc8 23.Bc1 g6 24.hxg6
fxg6 25.Nh2 Bg5 26.Nf3 Bf6 27.Nh2 h5 28.Bb2 N8d7 29.Kf1 Nf8 30.Bc1 Ra7 31.Ke2
Rf7 32.Rf1 Nh7 33.Ke1 Bh4 34.g3 Bg5 35.f3 Bh3 36.Rg1 Na4 37.Bd2 Qb6 38.Ke2 Bd7
39.Rh1 Bd8 40.Ng2 Bh3 41.Be3 Qb8 42.Rg1 Qc8 43.Nh4 Kg7 44.Qd2 Nf6 45.Qc1 Ng8
46.Qd2 Qa6 47.f4 exf4 48.Bd4+ Kh7 49.e5 Bxh4 50.gxh4 f3+ 51.Kf2 Bf5 52.e6 Rf8
53.Qf4 Ne7 54.Qg5 Qb7 55.Bf6 Bxb1 56.Rxb1 Rxf6 57.Qxf6 Nxd5 58.Qxf3 Qa7+ 59.Kg2
Ne3+ 60.Kh1 Nxc3 61.Re1 Ncd5 62.Nf1 Qd4 63.Rxe3 Nxe3 64.Nxe3 Qxh4+ 65.Kg2 Qe7
66.Qe4 c3 67.Kf2 h4 68.Nd5 Qa7+ 69.Kf3 c2 70.Qxh4+ Kg7 71.Qf6+ Kh7 72.Qh4+ Kg7
73.Qf6+ Kh7 74.Qh4+ Kg7

[Event "2.Bl-West"]
[Site "Dornbirn"]
[Date "2004.01.18"]
[Round "8"]
[Board "6"]
[White "Schiestl, Josef"]
[Black "Wallis, Anton"]
[Result "1/2-1/2"]
[WhiteElo "2155"]
[BlackElo "2136"]
[PlyCount "29"]

1.e4 c5 2.Nf3 d6 3.d4 cxd4 4.Nxd4 Nf6 5.Nc3 a6 6.Bc4 e6 7.Bb3 Nbd7 8.Qe2 Nc5
9.g4 Be7 10.Rg1 Qc7 11.g5 Nfd7 12.f4 b5 13.a3 Nxb3 14.Nxb3 Nb6 15.Rg3

[Event "2.Bl-West"]
[Site "Dornbirn"]
[Date "2004.01.18"]
[Round "8"]
[Board "1"]
[White "Micheli, Carlo"]
[Black "Schmittdiel, Eckhard"]
[Result "0-1"]
[WhiteElo "2360"]
[BlackElo "2483"]
[PlyCount "80"]

1.e4 c5 2.Nf3 Nc6 3.d4 cxd4 4.Nxd4 e5 5.Nb5 d6 6.N1c3 a6 7.Na3 b5 8.Nd5 Be7
9.Be3 Rb8 10.Qd2 Nf6 11.f3 Nxd5 12.exd5 Nd4 13.Bd3 Bh4+ 14.Bf2 Bg5 15.Be3 Bxe3
16.Qxe3 Nf5 17.Bxf5 Bxf5 18.g4 b4 19.gxf5 bxa3 20.b3 Qh4+ 21.Ke2 Qf6 22.Qe4 O-O
23.Rhg1 a5 24.c3 Rfc8 25.Kd3 Kh8 26.Rg2 g6 27.fxg6 fxg6 28.Rf1 Rc5 29.Rff2 Qf7
30.c4 a4 31.bxa4 Rb4 32.Rc2 Rxa4 33.h4 Rc8 34.Rg4 Rb4 35.f4 Rb2 36.Rxb2 axb2
37.Kc2 Qa7 38.Kb1 Ra8 39.Kxb2 Qxa2+ 40.Kc1 Qa1+

[Event "2.Bl-West"]
[Site "Dornbirn"]
[Date "2004.01.18"]
[Round "8"]
[Board "2"]
[White "Duer, Arne"]
[Black "Deglmann, Ludwig"]
[Result "0-1"]
[WhiteElo "2375"]
[BlackElo "2262"]
[PlyCount "82"]

1.c4 f5 2.Nf3 Nf6 3.g3 g6 4.Bg2 Bg7 5.d4 O-O 6.b3 d6 7.Bb2 e5 8.dxe5 Nfd7 9.Qd5+
Kh8 10.Bc3 dxe5 11.Nxe5 c6 12.Nxg6+ hxg6 13.Qd2 Ne5 14.Qb2 Qe7 15.O-O Nbd7
16.Nd2 Ng4 17.Nf3 Bxc3 18.Qxc3+ Qf6 19.Qd2 Kg7 20.Qg5 Nde5 21.Rad1 Nxf3+ 22.exf3
Ne5 23.Rfe1 Re8 24.c5 Re6 25.Qc1 Nf7 26.Qf4 Re7 27.Rxe7 Qxe7 28.Qd4+ Qe5 29.Qb4
a5 30.Qa3 Be6 31.f4 Qc3 32.h4 a4 33.Rc1 axb3 34.Rxc3 Rxa3 35.axb3 Rxb3 36.Rc1
Kf6 37.Bf1 Bd5 38.Be2 Nd8 39.h5 gxh5 40.Bxh5 Ne6 41.Be2 Rb2

[Event "2.Bl-West"]
[Site "Dornbirn"]
[Date "2004.01.18"]
[Round "8"]
[Board "3"]
[White "Hoellrigl, Wilfried"]
[Black "Pilz, Dieter"]
[Result "1/2-1/2"]
[WhiteElo "2200"]
[BlackElo "2349"]
[PlyCount "57"]

1.e4 c5 2.Nf3 d6 3.Bb5+ Bd7 4.Bxd7+ Qxd7 5.O-O Nc6 6.c3 Nf6 7.d4 Nxe4 8.d5 Nd8
9.Re1 Nf6 10.Bg5 e6 11.Bxf6 gxf6 12.c4 Be7 13.Nh4 h5 14.Nc3 f5 15.dxe6 fxe6
16.Nxf5 Rh7 17.Nxe7 Qxe7 18.Qf3 Nc6 19.Nd5 Nd4 20.Qd3 Qf7 21.Nf6+ Qxf6 22.Qxh7
O-O-O 23.Qxh5 Rf8 24.Rf1 Rh8 25.Qd1 Qf4 26.h3 Rxh3 27.gxh3 Nf3+ 28.Kg2 Nh4+
29.Kg1

[Event "2.Bl-West"]
[Site "Dornbirn"]
[Date "2004.01.18"]
[Round "8"]
[Board "4"]
[White "Ferrari, Josef"]
[Black "Sprenger, Wendelin"]
[Result "1-0"]
[WhiteElo "2226"]
[BlackElo "2153"]
[PlyCount "59"]

1.d4 g6 2.c4 Bg7 3.Nc3 Nf6 4.e4 O-O 5.f3 d6 6.Be3 Nc6 7.Nge2 a6 8.Qd2 Rb8 9.h4
h5 10.Nc1 e5 11.d5 Nd4 12.N1e2 Nxe2 13.Bxe2 Nd7 14.g4 Nf6 15.Bg5 hxg4 16.fxg4
Qe8 17.Rg1 b5 18.cxb5 axb5 19.b4 c6 20.Bxf6 Bxf6 21.g5 Bd8 22.h5 Bb6 23.Rh1 Bb7
24.O-O-O cxd5 25.hxg6 dxe4 26.Bc4 Qe7 27.Qh2 Qxg5+ 28.Kb1 Kg7 29.Qh7+ Kf6
30.Rhf1+

[Event "2.Bl-West"]
[Site "Dornbirn"]
[Date "2004.01.18"]
[Round "8"]
[Board "1"]
[White "Westermeier, Arnulf"]
[Black "Bezold, Michael"]
[Result "0-1"]
[WhiteElo "2297"]
[BlackElo "2456"]
[PlyCount "128"]

1.e4 c5 2.Nf3 e6 3.d4 cxd4 4.Nxd4 a6 5.Nc3 b5 6.Bd3 Qb6 7.Nb3 Qc7 8.O-O Bb7
9.Qe2 Be7 10.Bd2 Nc6 11.f4 d6 12.Kh1 Nf6 13.a4 b4 14.Na2 a5 15.c3 bxc3 16.Nxc3
O-O 17.Nb5 Qd8 18.Rad1 e5 19.Bc3 Qb8 20.Nd2 Nb4 21.Bb1 Bc6 22.Nc4 Bxb5 23.axb5
Qxb5 24.fxe5 dxe5 25.Bxe5 Ra6 26.Rf5 Re6 27.Qf1 g6 28.Rxf6 Bxf6 29.Bxf6 Rxf6
30.Qxf6 Qxc4 31.h3 Re8 32.e5 Nc6 33.Ba2 Qxa2 34.Qxc6 Rxe5 35.Qf6 Re8 36.Rd8 Qb1+
37.Kh2 Qe4 38.Rxe8+ Qxe8 39.Qd4 Qb8+ 40.Kh1 Qe8 41.Kh2 Qe7 42.Kh1 h6 43.Qc3 Qa7
44.Qe5 Qb6 45.Qe8+ Kg7 46.Qe5+ Kh7 47.Qc3 f6 48.Qc4 Kg7 49.Qd5 Qc7 50.b3 h5
51.Qd4 g5 52.Qd3 Qc1+ 53.Kh2 Qe1 54.Qd7+ Kg6 55.Qd3+ Kh6 56.Qd8 Qe5+ 57.Kh1 Qa1+
58.Kh2 Qe5+ 59.Kh1 g4 60.hxg4 hxg4 61.Qf8+ Kg5 62.Qg8+ Kh4 63.Qh8+ Qh5 64.g3+
Kg5+

[Event "2.Bl-West"]
[Site "Dornbirn"]
[Date "2004.01.18"]
[Round "8"]
[Board "2"]
[White "Novkovic, Milan"]
[Black "Juergens, Klaus"]
[Result "1-0"]
[WhiteElo "2371"]
[BlackElo "2162"]
[PlyCount "71"]

1.d4 Nf6 2.Nf3 g6 3.c4 Bg7 4.Nc3 O-O 5.Bg5 d6 6.e3 Nbd7 7.Qc2 e5 8.Be2 Re8 9.O-O
h6 10.Bh4 exd4 11.Nxd4 Nc5 12.Rad1 a5 13.Bf3 Rb8 14.a3 Ne6 15.Nxe6 Bxe6 16.c5
Qc8 17.cxd6 cxd6 18.Qa4 Qc4 19.Rxd6 b5 20.Qxc4 bxc4 21.Na4 Rec8 22.Nb6 Rc5
23.Bg3 Rb5 24.Na4 Rc8 25.Rfd1 Bf5 26.Rb6 Rxb6 27.Nxb6 Rc5 28.Bd6 Rb5 29.Nxc4 Be6
30.a4 Rb3 31.Nxa5 Rxb2 32.Be5 Ra2 33.Ra1 Rc2 34.Nc6 Nd5 35.Bxg7 Kxg7 36.Nd4

[Event "2.Bl-West"]
[Site "Dornbirn"]
[Date "2004.01.18"]
[Round "8"]
[Board "3"]
[White "Teufl, Siegfried"]
[Black "Gaertner, Guntram"]
[Result "1/2-1/2"]
[WhiteElo "2192"]
[BlackElo "2340"]
[PlyCount "85"]

1.Nf3 Nf6 2.g3 b6 3.Bg2 Bb7 4.c4 e6 5.d3 d5 6.O-O dxc4 7.dxc4 Qxd1 8.Rxd1 Nbd7
9.Nc3 a6 10.Bf4 Rc8 11.Ne5 Bxg2 12.Kxg2 Bd6 13.Nxd7 Kxd7 14.e4 Kc6 15.Kf3 Nd7
16.b3 Rhd8 17.Bxd6 cxd6 18.Ke3 Ne5 19.h3 Kb7 20.f4 Nc6 21.Rd2 Rc7 22.Rad1 Rcd7
23.g4 Kc7 24.Ne2 g6 25.Ng3 b5 26.cxb5 axb5 27.Ne2 Kb6 28.Nc3 h6 29.a4 b4 30.Ne2
Na5 31.Rd3 Nb7 32.Rd4 Ka5 33.Rc4 d5 34.Rc6 dxe4 35.Rxd7 Rxd7 36.Kxe4 Rd5 37.Nd4
Nc5+ 38.Ke3 e5 39.fxe5 Rxe5+ 40.Kd2 Rd5 41.Ke3 Re5+ 42.Kd2 Rd5 43.Ke3

[Event "2.Bl-West"]
[Site "Dornbirn"]
[Date "2004.01.18"]
[Round "8"]
[Board "4"]
[White "Feistenauer, Fred"]
[Black "Loeffler, Christoph"]
[Result "1-0"]
[WhiteElo "2257"]
[BlackElo "2147"]
[PlyCount "55"]

1.c4 Nf6 2.g3 e6 3.Bg2 d5 4.Nf3 Be7 5.O-O O-O 6.d4 dxc4 7.Nbd2 c5 8.Nxc4 Nc6
9.dxc5 Bxc5 10.Bf4 Nd5 11.Bd2 Qe7 12.Rc1 Rd8 13.a3 a6 14.Qc2 Nd4 15.Nxd4 Bxd4
16.e4 Nf6 17.Bb4 Qe8 18.Ba5 Rd7 19.e5 Nd5 20.Nd6 Rxd6 21.exd6 Bd7 22.Qd2 Bf6
23.Bxd5 exd5 24.Rfe1 Be6 25.Rc7 Qb5 26.Bc3 Bd8 27.Rxe6 Bxc7 28.Qd4

[Event "2.Bl-West"]
[Site "Dornbirn"]
[Date "2004.01.18"]
[Round "8"]
[Board "5"]
[White "Besner, Bernhard"]
[Black "Grabher, Heinz"]
[Result "0-1"]
[WhiteElo "2167"]
[BlackElo "2234"]
[PlyCount "64"]

1.e4 e5 2.Nf3 Nc6 3.Bc4 Nf6 4.Ng5 d5 5.exd5 b5 6.Bf1 Nd4 7.c3 Nxd5 8.cxd4 Qxg5
9.Bxb5+ Kd8 10.O-O exd4 11.Qf3 Rb8 12.d3 Qf5 13.Qxf5 Bxf5 14.Bc4 Nb4 15.Na3 Bxd3
16.Bxd3 Nxd3 17.Rd1 Nxc1 18.Rxd4+ Kc8 19.Rxc1 Rxb2 20.Nc4 Rxa2 21.Ne3 Ba3 22.Rb1
Bc5 23.Re4 Rd8 24.Rf4 f6 25.Rc4 Bb6 26.Rf4 Rdd2 27.Nd1 a5 28.h4 Bd4 29.Rc1 Be5
30.Rfc4 Kd7 31.Nc3 Rac2 32.Ne4 Rxc4